Lenguajes Formales y Teoría de la Computación /

Guardado en:
Autor Principal: Martin, John.
Formato: Libro
Idioma:Undetermined
Publicado: México : McGraw-Hill, c2004.
Edición:3 ra. edición.
Etiquetas: Agregar Etiqueta
Sin Etiquetas, Sea el primero en etiquetar este registro!
LEADER 00694nam a22001695a 4500
001 DCC.dcic001349
008 150626s2004####mx#a#####b####000#0#und#d
005 20151125143225.0
245 1 0 |a Lenguajes Formales y Teoría de la Computación /  |c John Martin. 
250 |a 3 ra. edición. 
260 |a México :  |b McGraw-Hill,  |c c2004. 
300 |a xvii, 545 p. :  |b il. ;  |c 23.5 cm. 
500 |a Traducido de la tercera edición en inglés de la obra: Introduction to languages and the theory of computation. Traductores: Jorge Luis Blanco y Correa Magallanes. Incluye índice. 
504 |a Incluye Bibliografía (529-530 p). 
020 |a 9701045947 
100 1 |a Martin, John. 
859 |a DCIC  |b BIB. COMPUTACION  |p 1567